Engineering mathematics (Record no. 6764)

000 -LEADER
fixed length control field 00515nam a2200193Ia 4500
008 - FIXED-LENGTH DATA ELEMENTS--GENERAL INFORMATION
fixed length control field 200103s 2006 ||||xx |||||||||||||| ||und||
020 ## - INTERNATIONAL STANDARD BOOK NUMBER
International Standard Book Number 8174092196
082 ## - DEWEY DECIMAL CLASSIFICATION NUMBER
Classification number 510.2462
Item number GRE
100 ## - MAIN ENTRY--PERSONAL NAME
Personal name Grewal, B. S.
245 #0 - TITLE STATEMENT
Title Engineering mathematics
250 ## - EDITION STATEMENT
Edition statement 12th
260 ## - PUBLICATION, DISTRIBUTION, ETC. (IMPRINT)
Name of publisher, distributor, etc Khanna Publishers
Date of publication, distribution, etc 2006
Place of publication, distribution, etc Delhi
300 ## - PHYSICAL DESCRIPTION
Extent xxviii, 622p.
504 ## - BIBLIOGRAPHY, ETC. NOTE
Bibliography, etc "Includes Index".
650 ## - SUBJECT ADDED ENTRY--TOPICAL TERM
Topical term or geographic name as entry element Analytical Solid Geometry
650 ## - SUBJECT ADDED ENTRY--TOPICAL TERM
Topical term or geographic name as entry element Differential Calculus
650 ## - SUBJECT ADDED ENTRY--TOPICAL TERM
Topical term or geographic name as entry element Partial Differentiation
942 ## - ADDED ENTRY ELEMENTS (KOHA)
Item type Books
Holdings
Withdrawn status Lost status Source of classification or shelving scheme Damaged status Not for loan Collection code Permanent location Current location Shelving location Date acquired Full call number Barcode Date last seen Koha item type Public note
          Non-fiction IMU-MPC Library IMU-MPC Library General Stacks 2020-01-08 510.2462 GRE MPC4681 2025-03-17 Books Column - 22
          Non-fiction IMU-MPC Library IMU-MPC Library General Stacks 2020-01-08 510.2462 GRE MPC4683 2025-03-17 Books Column - 22
          Non-fiction IMU-MPC Library IMU-MPC Library General Stacks 2020-01-08 510.2462 GRE MPC4686 2025-03-17 Books Column - 22
          Non-fiction IMU-MPC Library IMU-MPC Library General Stacks 2020-01-08 510.2462 GRE MPC4687 2025-03-17 Books Column - 22
          Non-fiction IMU-MPC Library IMU-MPC Library General Stacks 2020-01-08 510.2462 GRE MPC4689 2025-03-17 Books Column - 22
          Non-fiction IMU-MPC Library IMU-MPC Library General Stacks 2020-01-08 510.2462 GRE MPC4690 2025-03-17 Books Column - 22
Copyright © 2021 Indian Maritime University, Mumbai Port Campus. All Rights Reserved. Managed & Maintained by Central Library, IMU-Mumbai

webs counters

Powered by Koha